| 000 | 00606nam a2200193Ia 4500 | ||
|---|---|---|---|
| 003 | GCL | ||
| 008 | 140319s9999 xx 000 0 ara d | ||
| 040 |
_aGCL / _cGCL |
||
| 082 | 0 | 4 |
_a327.11 _bم ح |
| 100 | 1 | _aمجدى نصيف | |
| 245 | 1 | 0 |
_aحرب البوسنة والهرسك فى اطارها السياسى والاقتصادى / _cمجدى نصيف |
| 260 |
_a[S.N] : _bدار المستقبل العربى ، _c1993 |
||
| 300 | _a235 ص | ||
| 490 | _a | ||
| 650 | 0 | 4 | _aحرب البوسنة والهرسك |
| 650 | 0 | 4 | _aالكتلة الشرقية |
| 650 | 0 | 4 | _aاوربا |
| 942 |
_2ddc _cBK |
||
| 999 |
_c55301 _d55301 |
||